00867nam a2200181 a 450000100100000000500170001000800410002704000250006808200150009311000330010824000170014124501620015826000400032030000270036071001090038795201720049699900170066800004560620201002052336.0150416s2009 dr 000 0 spa d aDO-SdBNPbspacBNPHU axxxxbxxxx1 aRepública Dominicana.944713a[Leyes etc.]10aLey no. 1-08 : Ley orgánica del Consejo Nacional para las Comunidades Dominicanas en el Exterior (CONDEX) :bReglamento de Aplicación Decreto no. 674-08. aSanto Domingo :bCentenario,c2009. a53 p. :bil. ;c21 cm.22aConsejo Nacional para las Comunidades Dominicanas en el Exterior (CONDEX), República Dominicana973673 0010718PDaPDbPDcCTd2015-04-16iLF1l0oxxxx xxxxp45606-10r2020-06-25w2020-06-25yLFPDzPerteneció a la biblioteca personal de Erick Landestoy.ZNo se presta c45095d45095